000 02653nam a2200349 i 4500
003 DO-SdBNP
005 20230512113852.0
007 ta
008 110301s2021 dr c 000 0 spa d
020 _a9789993448464
040 _aDO-SdBNP
_bspa
_cBNPHU
_erda
082 4 _a333.95
_bR6962g
_222
100 _aRodríguez, Milagros
_950859
245 1 0 _aGuía de biodiversidad en el campus UNIBE /
_cMilagros Rodríguez, Simón Guerrero ; colaborador Brígido Peguero
264 _aSanto Domingo :
_bUNIBE,
_c2021.
300 _a66 páginas :
_bretratos ;
_c28 cm.
336 _2rdacontent
_atexto
_btxt
337 _2rdamedia
_asin mediación
_bn
338 _2rdacarrier
_avolumen
_bnc
500 _aIncluye glosario en la pagina 61
504 _aBibliografía : p. 62
505 _aLa biodiversidad en el campus de UNIBE --
_gLa flora en UNIBE, descripción de las plantas nativas presentes en el campus de UNIBE --
_tArrayán --
_tCereza --
_tAvellano criollo --
_tBuzunuco --
_tCabrita --
_tCardo Santo --
_tDoña Sanica --
_tGri-grí, Guaraguao, Guiriguí --
_tGuácima --
_tGuáyiga --
_tGuayuyo --
_tMara, Baría --
_tMemiso --
_tMorí viví --
_tMemiso de paloma --
_tPenda, prenda --
_tRoble --
_tYagrumo, grayumbo --
_gEspecies endémicas de interés presentes en el campus --
_tPalma real --
_tRosa de Bayahíbe --
_gAves observadas en el campus endémicas --
_tCigüa palmera --
_tCarpintero --
_tcuatro ojos --
_tPájaro Bobo --
_tCotorra --
_tPerico --
_gResidentes reproductoras --
_tRuiseñor --
_tCigüita común --
_tCigüita de la Hierba --
_tChua Chua --
_tRolón Rabiche --
_tRolita --
_tTórtola Aliblanca --
_tZumbadorcito --
_tZumbador grande --
_tVencejito de palmar --
_tLa Cuyaya o Cenícalo --
_tQuerebebe --
_tLechuza común --
_tMaura o Aura --
_gvisitantes reproductoras --
_tGolondrina del Caribe --
_tPetigre --
_tJulián Chiví --
_gMigratorias --
_tCandelita --
_tCigüita Parula --
_tCigüita Tigrina --
_tPegapalo --
_tCigüita de los Prados --
_tCigüita Saltarina --
_tCigüita Enmascarada --
_tCigüita del Palmar --
_gEspecies introducidas --
_tPaloma Doméstica --
_tMadame Sagá --
_gCategorías de amenaza de la Unión Internacional por la conservación de la naturaleza (IUCN) --
_gGlosario --
_gBibliografía --
_gComité de sostenibilidad ambiental (CSA) de UNIBE /
590 _aInventariado, 2022/ YL
650 4 _aBiodiversidad
_zRepública Dominicana
_982040
650 4 _aConservación de la biodiversidad
_982041
650 4 _aFlora
_zRepública Dominicana
_982042
650 4 _aAves
_zRepública Dominicana
_923949
700 1 _aGuerrero, Simón
_982043
700 1 _aPeguero, Brígido
_ecolaborador
_982044
910 _aYLockward
942 _2ddc
_cLBS1
999 _c52200
_d52200